000 00395cam a22001217a 4500
008 180718b1965 xxu||||| |||| 00| 0 eng d
082 _aA81x54 In2/61/19/Pt6/9
100 _aCensus of India 1961
245 _aDelhi: socio-economic study of rural folk
260 _aDelhi
_bThe Manager of Publications
_c1965
300 _a213+p.
440 _aCensus of India 1961. Volume XIX, Delhi. Part VI. No. 9
999 _c484130
_d484130